000 00555nam a2200145Ia 4500
005 20260209120128.0
008 260209s9999||||xx |||||||||||||| ||und||
100 _aRakhi Ghosh
245 0 _aDerivatives in India : issues concerns
260 _aBangaloreBangalore
_bNLSIU
_c2010
300 _a95 p. ; 25 cm.
650 _aDerivatives - Legal and Regulatory Framework Derivatives Trading - India Exchange Trade Derivatives
700 _aProf. (Dr.) N L Mitra - GuideProf. (Dr.) N L Mitra - Guide
856 _uhttps://dans.nls.ac.in/handle/123456789/1975
999 _c216930
_d216930